000 00581nam a2200181 4500
005 20250402155737.0
010 _aENG-144435
020 _a9789357316620
_c599.00
035 _aEN-127967
037 _bDBAD
082 _a230.1
100 _aHamilton, Edith
_980138
245 _aMythology:
_bTimless Tales of Goals and Heroes/
_cEdith Hamilton
260 _aGurugram
_bHachette Books Publishing
_c2024
270 _a4th and 5th Floor, Corporate Centre, Plot No.-94, Sector 44,
_bGurugram
_e122003
300 _a449p.
_c20cm(pb)
942 _2ddc
_cEN
_h230.1
_mHAM
999 _c210680
_d210680